|
|
|
|
| LEADER |
00000nab a2200000 a 4500 |
| 001 |
vtls000358311 |
| 003 |
SK-MaSNL |
| 005 |
20260302223642.0 |
| 008 |
150602c1989 xo 0 cze |
| 015 |
|
|
|a SNBRB19rr/mm-uuuuu
|
| 035 |
|
|
|a CL0358433
|
| 040 |
|
|
|a SNKBUCL
|b slo
|c SNKBUCL
|e AACR2
|
| 041 |
0 |
|
|a cze
|
| 044 |
|
|
|a xo
|c SK
|
| 080 |
|
|
|a 66
|2 1981
|
| 100 |
1 |
|
|a (tes)
|4 aut
|9 922270
|
| 245 |
1 |
0 |
|a Neiser, J., Hauzar, I., Kraitr, M., Nassler, J., Smolek, P.: Základy chemických výrob
|c (tes)
|
| 650 |
0 |
7 |
|a výroba chemická
|2 snkbucl
|9 953633
|
| 655 |
|
7 |
|a články z novín a časopisov
|2 snkbucl
|9 267496
|
| 773 |
0 |
|
|t Technická práca
|g Roč. 41, č. 8 (1989), s. 65
|
| 787 |
0 |
8 |
|i Rec.:
|t Základy chemických výrob
|d Praha : SPN, 1988
|
| 850 |
|
|
|a Slovenská národná knižnica v Martine
|a MTA001
|
| 852 |
|
|
|a SNK
|b KIS3GCP
|
| 958 |
|
|
|a RK
|
| 958 |
|
|
|a CZ
|
| 992 |
|
|
|a RBX
|
| 999 |
|
|
|c 1521266
|d 1523196
|